| 000 | 00378nam a2200145Ia 4500 | ||
|---|---|---|---|
| 008 | 150301s2015 xx 000 0 und d | ||
| 082 |
_a615.19 _bO11B |
||
| 100 | _aM. JOHN BEALE | ||
| 245 | _aWILSON & GISVOLD'S TB OF ORGANIC MEDICINAL & PHARMACUETICAL CHEMISTRY | ||
| 250 | _a12TH | ||
| 260 | _bWOLTER KLUMER | ||
| 300 | _a988 | ||
| 650 | _aMEDICINAL PLANT | ||
| 942 |
_2ddc _cBK |
||
| 999 |
_c7157 _d7157 |
||